000 00640nam a2200265Ia 4500
005 20260121170344.0
008 008 260114s9999 xx 000 0 eng d
020 _a9783658208929
037 _aEBOOK
040 _aCRL
040 _beng
040 _cCRL
041 _2eng
041 _aeng
084 _qCRL
100 _aJan BrĂ¼lle
_91062879
245 0 _aPoverty Trends in Germany and Great Britain
260 _bSpringer
260 _bSpringer
260 _c2018
856 _uhttps://link.springer.com/openurl?genre=book&isbn=978-3-658-20892-9
942 _cEBOOK
999 _c1628608
_d1628608